00824cam a2200217 a 450000100100000000500170001000800410002703500190006804000350008708200180012210000360014024500850017626000610026130000280032249000340035050400330038460000590041765000460047665000470052283000370056900001766220200929165203.0930922s1993 ck a b 000 p spa d a(DLC) 93209417 aDO-SdBNPbspacDLCdDLCdBNPHU aC861.4bR741H1 aHernández de Mendoza, Cecilia13aEl poeta Jorge Rojas :bestudio y antología /cCecilia Hernández de Mendoza. aSantafé de Bogotá :bInstituto Caro y Cuervo,c1993. a239 p. :bil. ;c20 cm.1 a"La Granada entreabierta"v65 aBibliografías: p. [89]-92.10aROJAS, JORGE,d1911-1995xCRÍTICA E INTERPRETACIÓN 4aPoesía colombianaxHistoria y crítica 4aLteratura colombianaxHistoria y crítica 0a"La Granada entreabierta" ;v65.